• 首页
  • 本馆介绍
  • 公告通知
  • 最新文献
  • 馆藏检索
  • 电子资源
  • 读者导购
  • 参考咨询
  • 我的图书馆
  • 登录
  • 期刊详细显示
  • 现刊情况显示
  • 合订本情况显示
  • 篇目信息显示

期刊信息

  • 表格格式
  • 工作单格式
  • 卡片格式
索取号 
J8/TDR
题名 
the drama review
作者 
Tisch School of the Arts, New York University.
分册号 
分册名 
出版地 
Cambridge, MA.
出版者 
MIT Press for the New York University/Tisch School of Arts
标准刊号 
0012-5962
出版频率 
季刊
中图法分类 
J8
主题词 
戏剧 艺术; 戏剧
电子资源 
000 00661nas0 2200217 45
001 0762474953
005 20070524172536.00
011    @a0012-5962
100    @a20070524d km y0chiy0120 ea
101 0  @aeng
200 1  @athe drama review@fTisch School of the Arts, New York University.
210    @aCambridge, MA.@cMIT Press for the New York University/Tisch School of Arts
300    @aTitle from cover. Magazine index.Abstracts of English studies
326    @a季刊
606 0  @a戏剧@x艺术
606 0  @a戏剧
690    @aJ8@v4
701  0 @aTisch School of the Arts
701  0 @aNew York University.
801  0 @aCN@bPFT@c20070524
905    @aTJWY@dJ8@eTDR
    
    the drama review/Tisch School of the Arts, New York University.-Cambridge, MA.:MIT Press for the New York University/Tisch School of Arts
    
    Title from cover. Magazine index.Abstracts of English studies
    
    ISSN 0012-5962
    
●
相关链接: 在易读查询期刊 在中国知网中查询期刊 在万方数据查询期刊 在维普查询期刊
唐山师范学院图书馆 欢迎您!
大连网信软件有限公司© 版权所有